书目信息 |
| 题名: |
肝胆胰腺疾病药食宜忌
|
|
| 作者: | 梦靓靓 | |
| 分册: | ||
| 出版信息: | 北京 中国中医药出版社 2016.08 |
|
| 页数: | 259页 | |
| 开本: | 20cm | |
| 丛书名: | ||
| 单 册: | ||
| 中图分类: | R575 | |
| 科图分类: | ||
| 主题词: | 消化系统疾病 , 腹腔疾病 | |
| 电子资源: | ||
| ISBN: | 7-5132-3271-7 | |
| 000 | 00638nam0 2200217 450 | |
| 001 | 2231 | |
| 005 | 20161205103939.07 | |
| 010 | @a7-5132-3271-7@dCNY43.00 | |
| 100 | @a20150808d2016 km y0chiy0120 ea | |
| 101 | 0 | @achi |
| 102 | @aCN@b110000 | |
| 200 | 1 | @a肝胆胰腺疾病药食宜忌@Agan dan yi xian ji bing yao shi yi ji@f梦靓靓@Fmeng liang liang |
| 210 | @a北京@c中国中医药出版社@d2016.08 | |
| 215 | @a259页@d20cm | |
| 330 | @a肝疾病·药物·禁忌 | |
| 606 | 0 | @a消化系统疾病 |
| 606 | 0 | @a腹腔疾病 |
| 690 | @aR575@v4 | |
| 701 | 0 | @a梦靓靓@Ameng liang liang |
| 801 | 0 | @aCN@b大连网信软件有限公司图书馆·11@c20161205 |
| 905 | @aZUCC@dR575@e133 | |
| 肝胆胰腺疾病药食宜忌/梦靓靓.-北京:中国中医药出版社,2016.08 |
| 259页;20cm |
| ISBN 7-5132-3271-7:CNY43.00 |
| 肝疾病·药物·禁忌 |
| ● |
| 相关链接 |
|
|
|
|
正题名:肝胆胰腺疾病药食宜忌
索取号:R575/133
 
预约/预借
| 序号 | 登录号 | 条形码 | 馆藏地/架位号 | 状态 | 备注 |
| 1 | 910531 | 209105314 | 第二样本阅览室/ [索取号:R575/133] | 在馆 | |
| 2 | 910532 | 209105323 | 第三借阅区/ [索取号:R575/133] | 在馆 | |
| 3 | 910533 | 209105332 | 第三借阅区/ [索取号:R575/133] | 在馆 | |
| 4 | 910534 | 209105341 | 第三借阅区/ [索取号:R575/133] | 在馆 | |
| 5 | 910535 | 209105350 | 第三借阅区/ [索取号:R575/133] | 在馆 |